000 00596nam a22002057a 4500
005 20251108164712.0
008 250721s1990 xx 000 0 ara d
082 1 4 _a801.93/روج
100 1 _aروجرز، فرانكلين ر
245 1 0 _aالشعر و الرسم /
264 1 _aبغداد :
_bدار المأمون للترجمة و النشر،
_c1990.
300 _a310ص.
650 1 7 _aعلم الجمال
650 1 7 _aالأدب
650 1 7 _aالرسم
700 1 _aروجرز، مارى آن
700 1 _aمظفر، مي
_eترجمة
942 _2ddc
_cBK
999 _c12237
_d12237